[Event "Dortmunder SV-SC Brambauer"]
[Site "?"]
[Date "2023.09.17"]
[Round "2.6"]
[White "Brockmann, Fabian"]
[Black "Czeratzki, Michael"]
[Result "1-0"]
[WhiteElo "1957"]
[BlackElo "1862"]
[PlyCount "81"]
[EventDate "2023.??.??"]
[SourceDate "2023.10.09"]
[WhiteTeam "Dortmunder SV 1875"]
[BlackTeam "SC Doppelbauer Brambauer"]

1. e4 e6 2. d4 d5 3. Nc3 dxe4 4. Nxe4 Bd7 5. d5 exd5 6. Qxd5 Nc6 7. Bg5 f6 8.
Be3 Qe7 9. Bc5 Qe5 10. Qxe5+ Nxe5 11. Bxf8 Kxf8 12. O-O-O Bc6 13. Nc5 Kf7 14.
h3 b6 15. Na6 Rc8 16. f4 Nd7 17. Nb4 Nb8 18. Nxc6 Nxc6 19. Rd7+ Nge7 20. Ba6
Ke6 21. Bxc8 Rxc8 22. Rd2 Nf5 23. Nf3 Kf7 24. Re1 Nd6 25. b3 a5 26. Kb2 Ra8 27.
Nd4 Nxd4 28. Rxd4 g6 29. a4 Rd8 30. Rd3 Rd7 31. Kc1 h5 32. g4 h4 33. c4 Re7 34.
Rxe7+ Kxe7 35. Re3+ Kd7 36. Kc2 c5 37. Rd3 Ke6 38. Rd5 Ke7 39. Kd3 Ke6 40. f5+
gxf5 41. gxf5+ 1-0

[Event "Dortmunder SV-SC Brambauer"]
[Site "?"]
[Date "2023.09.17"]
[Round "2.7"]
[White "Jochmann, Christian"]
[Black "Alarand, Beshr"]
[Result "0-1"]
[WhiteElo "1810"]
[BlackElo "1934"]
[PlyCount "102"]
[EventDate "2023.??.??"]
[SourceDate "2023.10.09"]
[WhiteTeam "SC Doppelbauer Brambauer"]
[BlackTeam "Dortmunder SV 1875"]

1. e4 c5 2. Nc3 e6 3. g3 a6 4. Bg2 Nc6 5. Nge2 b5 6. d4 cxd4 7. Nxd4 Bb7 8. O-O
Qc7 9. a4 b4 10. Nce2 Nf6 11. Nb3 e5 12. Bg5 Be7 13. c3 a5 14. Qd2 Ba6 15. Rfd1
Rb8 16. Bxf6 Bxf6 17. Nc5 Bc8 18. Rac1 Be7 19. Nd3 Qb6 20. c4 d6 21. b3 O-O 22.
Ne1 Bg4 23. Nc2 Rbd8 24. h4 Be6 25. Ne3 Nb8 26. Nd5 Qa7 27. Rc2 Na6 28. Nc1 Nc5
29. Rb2 f5 30. Re1 fxe4 31. Bxe4 Nxe4 32. Rxe4 Rf7 33. Nxe7+ Qxe7 34. Re1 Qf6
35. Qg5 Qxg5 36. hxg5 Rf5 37. Rd2 Kf7 38. Red1 Ke7 39. Nd3 Rxg5 40. Ne1 Bg4 41.
f3 Be6 42. Kf2 Rf5 43. Ke3 h5 44. f4 g5 45. Ng2 exf4+ 46. gxf4 g4 47. Nh4 Rc5
48. Re1 Kf6 49. Kd4 Rdc8 50. Ke4 d5+ 51. cxd5 Bxd5+ 0-1

[Event "Dortmunder SV-SC Brambauer"]
[Site "?"]
[Date "2023.09.17"]
[Round "2.8"]
[White "Wilms, Christoph"]
[Black "Natschke, Norbert"]
[Result "0-1"]
[WhiteElo "1811"]
[BlackElo "1757"]
[PlyCount "61"]
[EventDate "2023.??.??"]
[SourceDate "2023.10.09"]
[WhiteTeam "Dortmunder SV 1875"]
[BlackTeam "SC Doppelbauer Brambauer"]

1. e4 d5 2. exd5 Qxd5 3. Nc3 Qd8 4. Bc4 Nf6 5. d3 e6 6. Nf3 Nbd7 7. Bg5 Be7 8.
Qe2 Nb6 9. Bb3 O-O 10. Ne5 Nfd5 11. Bxe7 Qxe7 12. Ne4 f6 13. Nc4 a5 14. a3 a4
15. Ba2 Bd7 16. Nxb6 Nxb6 17. O-O Ra5 18. d4 Kh8 19. Nc5 Bb5 20. Qxe6 Qxe6 21.
Nxe6 Rc8 22. Rfe1 Nc4 23. Nc5 b6 24. Nd3 g5 25. Rad1 Nd6 26. h3 Kg7 27. Re7+
Kg6 28. c3 Bc4 29. Bb1 Nf5 30. Nb4 Kh6 31. Rxh7+ $4 0-1

[Event "SV Bönen - SC WD Borbeck"]
[Site "?"]
[Date "2023.09.17"]
[Round "2.1"]
[White "Loyen, Egbert"]
[Black "Schlottmann, Fabian"]
[Result "0-1"]
[WhiteElo "2119"]
[BlackElo "2303"]
[PlyCount "96"]
[SourceDate "2023.10.09"]
[WhiteTeam "SC WeiÃŸe Dame Borbeck 1"]
[BlackTeam "SV BÃ¶nen 1"]

1. e4 e6 2. d4 d5 3. exd5 exd5 4. Nf3 Nf6 5. Bd3 c6 6. O-O Be7 7. h3 O-O 8. c4
h6 9. Nc3 Be6 10. b3 Na6 11. Be3 Nc7 12. Rc1 Re8 13. Ne5 a5 14. c5 Nd7 15. f4
Nxe5 16. fxe5 Bg5 17. Qf3 Bxe3+ 18. Qxe3 Qg5 19. Qf3 Rf8 20. Bb1 f6 21. Qd3 f5
22. Ne2 Rf7 23. Nf4 a4 24. b4 Bd7 25. Rce1 Ne6 26. Nxe6 Bxe6 27. Kh2 h5 28. Rf3
h4 29. Bc2 g6 30. a3 Kh8 31. Qd1 Qh6 32. Bxa4 g5 33. Bc2 Raf8 34. Ref1 f4 35.
Rb3 Rg7 36. b5 g4 37. bxc6 bxc6 38. hxg4 Rxg4 39. Rb7 Qg5 40. Qd2 Rg3 41. Rh7+
Kg8 42. a4 h3 43. gxh3 Bxh3 44. Rf2 Bg4 45. Qe1 Rf7 46. e6 Rxh7+ 47. Bxh7+ Kxh7
48. Kh1 Qh4+ 0-1

[Event "SV Bönen - SC WD Borbeck"]
[Site "?"]
[Date "2023.09.17"]
[Round "2.2"]
[White "Mönkemeyer, Maik"]
[Black "Hillenbrand, Michael"]
[Result "1/2-1/2"]
[WhiteElo "1911"]
[BlackElo "2095"]
[PlyCount "45"]
[SourceDate "2023.10.09"]
[WhiteTeam "SV BÃ¶nen 1"]
[BlackTeam "SC WeiÃŸe Dame Borbeck 1"]

1. d4 g6 2. c4 Bg7 3. Nc3 d6 4. e4 c6 5. Be3 a6 6. Be2 b5 7. Nf3 Nf6 8. a3 O-O
9. O-O Bg4 10. cxb5 cxb5 11. h3 Bd7 12. Qd2 Bc6 13. d5 Bb7 14. Bh6 Nbd7 15.
Bxg7 Kxg7 16. b4 Kg8 17. a4 bxa4 18. Rxa4 Qc7 19. Rfa1 Rfc8 20. R1a3 Nb6 21.
Ra5 Nc4 22. Bxc4 Qxc4 23. Qd4 1/2-1/2

[Event "SV Bönen - SC WD Borbeck"]
[Site "?"]
[Date "2023.09.17"]
[Round "2.3"]
[White "Klasmeier, Jens"]
[Black "Merz, Martin"]
[Result "1/2-1/2"]
[WhiteElo "2048"]
[BlackElo "1944"]
[PlyCount "35"]
[SourceDate "2023.10.09"]
[WhiteTeam "SC WeiÃŸe Dame Borbeck 1"]
[BlackTeam "SV BÃ¶nen 1"]

1. e4 c5 2. Nf3 d6 3. d4 cxd4 4. Nxd4 Nf6 5. Nc3 a6 6. Qd3 Nc6 7. Nxc6 bxc6 8.
Be2 g6 9. f4 Bg7 10. O-O O-O 11. f5 d5 12. fxg6 hxg6 13. Bg5 Nxe4 14. Nxe4 dxe4
15. Qxd8 Rxd8 16. Bc4 Be6 17. Bxe6 fxe6 18. c3 1/2-1/2

[Event "SV Bönen - SC WD Borbeck"]
[Site "?"]
[Date "2023.09.17"]
[Round "2.4"]
[White "Fuest, Torsten"]
[Black "Dewenter, Ulf"]
[Result "0-1"]
[WhiteElo "1907"]
[BlackElo "2054"]
[PlyCount "66"]
[SourceDate "2023.10.09"]
[WhiteTeam "SV BÃ¶nen 1"]
[BlackTeam "SC WeiÃŸe Dame Borbeck 1"]

1. d4 d5 2. Bf4 c5 3. e3 cxd4 4. exd4 Nc6 5. c3 g6 6. Nf3 Bg7 7. Be2 Nh6 8. Qc1
Nf5 9. g4 Nd6 10. h3 f6 11. Qe3 O-O 12. Bh6 Bxh6 13. Qxh6 Nf7 14. Qe3 e5 15.
dxe5 Re8 16. Na3 Ncxe5 17. Nxe5 Rxe5 18. Qd2 Qe7 19. Nb5 Bd7 20. Nd4 Re8 21. f4
Re3 22. Kf2 Qe4 23. Bf3 Qxf4 24. Rae1 Ng5 25. Qxe3 Rxe3 26. Rxe3 Ne4+ 27. Ke2
Ng3+ 28. Kd3 Nxh1 29. Bxd5+ Kf8 30. Bxb7 Nf2+ 31. Ke2 Nxh3 32. Kd3 Nf2+ 33. Ke2
Nxg4 0-1

[Event "SV Bönen - SC WD Borbeck"]
[Site "?"]
[Date "2023.09.17"]
[Round "2.5"]
[White "Korste, Sebastian"]
[Black "Wegner, Stephan"]
[Result "1-0"]
[WhiteElo "1996"]
[BlackElo "1823"]
[PlyCount "109"]
[SourceDate "2023.10.09"]
[WhiteTeam "SC WeiÃŸe Dame Borbeck 1"]
[BlackTeam "SV BÃ¶nen 1"]

1. d4 Nf6 2. c4 g6 3. Nc3 Bg7 4. e4 d6 5. h3 O-O 6. Be3 e5 7. d5 Na6 8. Nf3 Nh5
9. g3 f5 10. exf5 gxf5 11. Ng5 Nf6 12. Qd2 Nc5 13. O-O-O h6 14. Bxc5 hxg5 15.
Ba3 Nd7 16. Kb1 b6 17. f3 Qe7 18. Re1 Nf6 19. b3 Bd7 20. Bc1 Nh7 21. Bd3 Qf6
22. Bb2 a5 23. a3 Rfe8 24. h4 gxh4 25. gxh4 Bh6 26. Qc2 Kf7 27. Nb5 Rac8 28.
Reg1 Nf8 29. h5 Re7 30. Na7 Rce8 31. Nc6 Bxc6 32. dxc6 Ne6 33. Bxf5 Nf4 34.
Bg6+ Nxg6 35. Qxg6+ Qxg6+ 36. Rxg6 Re6 37. Rg4 Rf6 38. Rh3 Rf8 39. Bc1 Bxc1 40.
Kxc1 Ke6 41. h6 Rxf3 42. Rxf3 Rxf3 43. Rg6+ Kf5 44. Rxd6 Ke4 45. h7 Rh3 46. Rd7
Rh1+ 47. Kd2 Rh2+ 48. Kd1 Ke3 49. Rxc7 Rh1+ 50. Kc2 Rh2+ 51. Kc3 Ke2 52. Rd7
Rh3+ 53. Kc2 Ke1 54. c7 Rh2+ 55. Kc1 1-0

[Event "SV Bönen - SC WD Borbeck"]
[Site "?"]
[Date "2023.09.17"]
[Round "2.6"]
[White "Bauch, Olaf"]
[Black "Pötter, Clemens"]
[Result "1/2-1/2"]
[WhiteElo "1871"]
[BlackElo "1986"]
[PlyCount "97"]
[SourceDate "2023.10.09"]
[WhiteTeam "SV BÃ¶nen 1"]
[BlackTeam "SC WeiÃŸe Dame Borbeck 1"]

1. e4 c6 2. d4 d5 3. exd5 cxd5 4. Nf3 Nc6 5. Bd3 Bg4 6. c3 e6 7. Bf4 Bd6 8.
Bxd6 Qxd6 9. Nbd2 Nf6 10. O-O O-O 11. Re1 a6 12. a4 Rab8 13. h3 Bxf3 14. Nxf3
Rfc8 15. Ne5 Ne7 16. Qf3 Rc7 17. g4 Ng6 18. g5 Ne8 19. Nxg6 hxg6 20. Qg4 Re7
21. Re3 Nc7 22. Rae1 b5 23. axb5 axb5 24. h4 Kf8 25. h5 Ke8 26. hxg6 Kd7 27. f4
Rh8 28. gxf7 Rxf7 29. Re5 Rhf8 30. f5 exf5 31. Bxf5+ Kd8 32. Rf1 Re7 33. Rfe1
Rxe5 34. Rxe5 Re8 35. Qe2 Rh8 36. Qg4 g6 37. Bd3 Re8 38. Rxe8+ Kxe8 39. Kg2 Kf7
40. Qh4 Ne6 41. Kf3 b4 42. cxb4 Qb6 43. Ke3 Ke7 44. Bxg6 Qxb4 45. Bd3 Qxb2 46.
g6+ Kd6 47. g7 Qc1+ 48. Kf3 Qd1+ 49. Ke3 1/2-1/2

[Event "SV Bönen - SC WD Borbeck"]
[Site "?"]
[Date "2023.09.17"]
[Round "2.7"]
[White "Klasmeier, Hartmut"]
[Black "Lenz, Guntram"]
[Result "1-0"]
[WhiteElo "1905"]
[BlackElo "1833"]
[PlyCount "55"]
[SourceDate "2023.10.09"]
[WhiteTeam "SC WeiÃŸe Dame Borbeck 1"]
[BlackTeam "SV BÃ¶nen 1"]

1. e4 c6 2. d4 d5 3. exd5 cxd5 4. Nf3 Nc6 5. c3 Qc7 6. Bd3 Bg4 7. h3 Bh5 8. O-O
Nf6 9. Re1 e6 10. Bg5 Be7 11. Nbd2 Bg6 12. Bb5 O-O 13. Nh4 a6 14. Nxg6 hxg6 15.
Bd3 Nh5 16. Be3 Nf4 17. Bxf4 Qxf4 18. g3 Qh6 19. Kg2 Bd6 20. Nf3 Rae8 21. Qb3
Re7 22. a4 Rfe8 23. Re2 f6 24. Rae1 g5 25. Rxe6 Rxe6 26. Rxe6 Rxe6 27. Qxd5 Nd8
28. Bf5 1-0

[Event "SV Bönen - SC WD Borbeck"]
[Site "?"]
[Date "2023.09.17"]
[Round "2.8"]
[White "Schütz, Ralf"]
[Black "Strauß"]
[Result "1-0"]
[WhiteElo "1756"]
[BlackElo "1888"]
[PlyCount "71"]
[SourceDate "2023.10.09"]
[WhiteTeam "SV BÃ¶nen 1"]
[BlackTeam "SC WeiÃŸe Dame Borbeck 1"]

1. e4 c5 2. Nf3 e6 3. d4 cxd4 4. Nxd4 Nf6 5. Nc3 Nc6 6. Nxc6 bxc6 7. e5 Nd5 8.
Bd3 Bb4 9. Bd2 Nxc3 10. bxc3 Be7 11. Qg4 Kf8 12. h4 h5 13. Qf3 Qa5 14. Qe4 f5
15. Qe2 Rb8 16. O-O c5 17. Rfb1 Qc7 18. a4 Bxh4 19. Rxb8 Qxb8 20. Ra3 Be7 21.
Rb3 Qc7 22. Ba6 Kf7 23. Bxc8 Qxc8 24. Qf3 g5 25. Qb7 c4 26. Qxc8 Rxc8 27. Rb7
g4 28. g3 Ke8 29. Rxa7 h4 30. gxh4 g3 31. Ra5 gxf2+ 32. Kxf2 Bxh4+ 33. Kf3 Kd8
34. Be3 Rc6 35. Ra8+ Rc8 36. Bb6+ 1-0

[Event "Haltern- Mülheim Nord 4"]
[Site "?"]
[Date "2023.09.17"]
[Round "2.1"]
[White "Beckmann, Klaus"]
[Black "Michalicek, Roland"]
[Result "0-1"]
[WhiteElo "1861"]
[BlackElo "1861"]
[PlyCount "96"]
[SourceDate "2023.10.09"]

1. d4 d5 2. Nf3 Nf6 3. g3 e6 4. Bg2 c6 5. O-O Bd6 6. b3 Nbd7 7. Bb2 Qe7 8. c4
Ne4 9. Nfd2 Nxd2 10. Nxd2 f5 11. e3 O-O 12. c5 Bc7 13. f4 b6 14. b4 bxc5 15.
bxc5 Ba6 16. Rf2 Rfb8 17. Bc3 Nf6 18. Bf1 Bxf1 19. Rxf1 h6 20. Qa4 Qd7 21. Rfb1
Ng4 22. Nf1 Rxb1 23. Rxb1 Rb8 24. Rxb8+ Bxb8 25. Qa6 g5 26. a4 Kf7 27. a5 Ke7
28. Qe2 Qb7 29. Qb2 Qxb2 30. Bxb2 Kd7 31. Bc3 Kc8 32. h3 Nf6 33. a6 Bc7 34. Kg2
Nd7 35. fxg5 hxg5 36. h4 Bd8 37. h5 Nb8 38. g4 Nxa6 39. gxf5 exf5 40. Ng3 f4
41. exf4 gxf4 42. Nf5 Bf6 43. Kf3 Nxc5 44. Kxf4 Ne6+ 45. Ke3 Kd7 46. h6 c5 47.
Kd3 c4+ 48. Ke3 Ke8 0-1

[Event "Haltern- Mülheim Nord 4"]
[Site "?"]
[Date "2023.09.17"]
[Round "2.2"]
[White "Czarnik, Josef"]
[Black "Fleischer, Michael"]
[Result "1-0"]
[WhiteElo "1899"]
[BlackElo "1878"]
[PlyCount "113"]
[SourceDate "2023.10.09"]

1. e4 c5 2. Nf3 d6 3. c3 Nf6 4. Be2 Nc6 5. d4 cxd4 6. cxd4 Nxe4 7. d5 Qa5+ 8.
Nc3 Nxc3 9. bxc3 Nb8 10. O-O Nd7 11. Re1 g6 12. Qd4 Rg8 13. Bd2 Bg7 14. Qe3 Bf6
15. Rad1 Qxd5 16. Nd4 Qc5 17. Bf1 Kf8 18. Qg3 Ne5 19. Bh6+ Bg7 20. Bg5 h6 21.
Be3 Qc7 22. f4 Ng4 23. Bd2 a6 24. Bd3 e5 25. fxe5 dxe5 26. h3 Qc5 27. hxg4 g5
28. Kh1 exd4 29. c4 a5 30. Rb1 Qc6 31. Be4 Qd7 32. Rb6 Qd8 33. c5 Bf6 34. Rf1
Be7 35. Qf3 Rg7 36. Rxh6 f6 37. Bd5 Ke8 38. Rh8+ Bf8 39. Qe4+ Qe7 40. Qxd4 Rh7+
41. Rxh7 Qxh7+ 42. Kg1 Be7 43. Re1 Kf8 44. Bc3 Ra6 45. Bb2 Qh4 46. Rxe7 Kxe7
47. Qe4+ Kd8 48. c6 bxc6 49. Bxf6+ Kc7 50. Qe7+ Bd7 51. Bc4 Ra8 52. Bxg5 Qxg4
53. Qe5+ Kb7 54. Bf4 Qd1+ 55. Bf1 Rc8 56. Qb2+ Ka8 57. Qb6 1-0

[Event "Haltern- Mülheim Nord 4"]
[Site "?"]
[Date "2023.09.17"]
[Round "2.3"]
[White "Post, Ralf"]
[Black "Lombardi, Marco"]
[Result "1-0"]
[WhiteElo "1772"]
[BlackElo "1866"]
[PlyCount "115"]
[SourceDate "2023.10.09"]

1. Nf3 d5 2. g3 Nf6 3. Bg2 e6 4. d3 Be7 5. Nbd2 c6 6. O-O Nbd7 7. e4 dxe4 8.
dxe4 O-O 9. e5 Nd5 10. c4 Nb4 11. Qe2 Qc7 12. a3 Na6 13. b4 b6 14. Bb2 Bb7 15.
Rfd1 Rad8 16. Rac1 Rfe8 17. Nb3 Nf8 18. Nfd4 c5 19. Nb5 Qb8 20. Bxb7 Qxb7 21.
Nd6 Bxd6 22. b5 Nb8 23. exd6 Nbd7 24. Qg4 Ng6 25. f4 Qe4 26. Re1 Qf5 27. Qxf5
exf5 28. Kf2 f6 29. Nd2 Kf7 30. Nf1 Ngf8 31. Ne3 g6 32. Nd5 Ne6 33. Rcd1 Nd4
34. Re7+ Rxe7 35. dxe7 Re8 36. Bxd4 cxd4 37. Rxd4 Nc5 38. Rd1 g5 39. Kf3 g4+
40. Ke3 h5 41. Kd4 Ne4 42. a4 Rc8 43. Rc1 Nc5 44. Rc2 Ne6+ 45. Kc3 Nc5 46. Ra2
Ne4+ 47. Kb4 Nd6 48. Rc2 Ne4 49. a5 bxa5+ 50. Kxa5 Nc5 51. Re2 Ne4 52. Kb4 Rh8
53. Ra2 h4 54. Rxa7 hxg3 55. hxg3 Re8 56. Ra3 Rc8 57. c5 Ke6 58. e8=Q+ 1-0

[Event "Haltern- Mülheim Nord 4"]
[Site "?"]
[Date "2023.09.17"]
[Round "2.4"]
[White "Schulz, Alfons"]
[Black "Hausrath, Michaela"]
[Result "1/2-1/2"]
[WhiteElo "1759"]
[BlackElo "1689"]
[PlyCount "40"]
[SourceDate "2023.10.09"]

1. Nf3 Nf6 2. g3 b6 3. Bg2 Bb7 4. O-O e6 5. d3 Be7 6. e4 d6 7. Nbd2 O-O 8. Ne1
e5 9. f4 exf4 10. gxf4 Qd7 11. h3 Nc6 12. c3 Rab8 13. Nc4 d5 14. Ne5 Nxe5 15.
fxe5 Ne8 16. Qe2 dxe4 17. dxe4 Qe6 18. Bf4 Bc5+ 19. Kh2 f6 20. Nf3 fxe5 1/2-1/2

[Event "Haltern- Mülheim Nord 4"]
[Site "?"]
[Date "2023.09.17"]
[Round "2.5"]
[White "Schlefers, Florian"]
[Black "Lohkemper, Malte"]
[Result "1-0"]
[WhiteElo "1702"]
[BlackElo "1697"]
[PlyCount "119"]
[SourceDate "2023.10.09"]

1. e4 c6 2. d4 d5 3. exd5 cxd5 4. Bd3 Nc6 5. c3 Nf6 6. h3 e6 7. Bf4 Bd6 8. Bxd6
Qxd6 9. Nf3 a6 10. Nbd2 b5 11. O-O O-O 12. Re1 Bb7 13. Ne5 b4 14. Ndf3 Nd7 15.
Nxc6 Bxc6 16. cxb4 Qxb4 17. Qc2 Nf6 18. a3 Qd6 19. b4 Bb5 20. Qe2 Bxd3 21. Qxd3
Rfc8 22. Rec1 h6 23. Nd2 Nd7 24. Nb3 Rxc1+ 25. Rxc1 Nb6 26. Nd2 Nd7 27. Qc3 e5
28. Qc7 Qxc7 29. Rxc7 Rd8 30. Nb3 exd4 31. Nxd4 Ne5 32. Nc6 Nxc6 33. Rxc6 d4
34. Kf1 a5 35. b5 d3 36. Ke1 d2+ 37. Kd1 Rd3 38. b6 Kh7 39. b7 Rb3 40. Rc7 f5
41. Kxd2 a4 42. Kc2 Kg6 43. Rc4 Rxb7 44. Rxa4 Re7 45. Rd4 Kf6 46. a4 Ke5 47.
Kc3 g5 48. Rb4 Rc7+ 49. Rc4 Rd7 50. Kb3 Rd3+ 51. Rc3 Rd2 52. Rc2 Rd3+ 53. Kb4
Rd4+ 54. Kb5 f4 55. a5 Rd1 56. Rb2 Kd6 57. Kb6 Rc1 58. a6 Kd7 59. a7 Ra1 60.
Kb7 1-0

[Event "Haltern- Mülheim Nord 4"]
[Site "?"]
[Date "2023.09.17"]
[Round "2.6"]
[White "Eusgeld, Michael"]
[Black "Cordes, Malte"]
[Result "1-0"]
[WhiteElo "1737"]
[BlackElo "1811"]
[PlyCount "93"]
[SourceDate "2023.10.09"]

1. d4 e6 2. Nf3 f5 3. c4 Nf6 4. g3 c6 5. Bg2 d5 6. cxd5 exd5 7. O-O Bd6 8. Nc3
O-O 9. Qc2 Qe8 10. a3 a5 11. Na4 Ne4 12. Nc5 b6 13. Nd3 Bb7 14. Bf4 Na6 15.
Bxd6 Nxd6 16. e3 Rc8 17. Qb3 Qd8 18. Nd2 Nb8 19. Rac1 Nd7 20. Rfe1 Kh8 21. Nf4
Re8 22. Qd1 Nf6 23. Nd3 Nfe4 24. Nxe4 fxe4 25. Ne5 Rxe5 26. dxe5 Nf7 27. e6 Ng5
28. Qg4 Qf6 29. h4 Nxe6 30. Bh3 Nc5 31. Bf1 Rf8 32. Rc2 Qd6 33. Qd1 Nd7 34. Bg2
Ne5 35. Bxe4 Qe6 36. Bg2 Bc8 37. e4 dxe4 38. Rxe4 Qf6 39. Rf4 Qe7 40. Rxf8+
Qxf8 41. Qe2 Bf5 42. Rd2 Nd7 43. Bxc6 Nf6 44. Qd1 Bg4 45. Rd8 Bxd1 46. Rxf8+
Ng8 47. Bd5 1-0

[Event "Haltern- Mülheim Nord 4"]
[Site "?"]
[Date "2023.09.17"]
[Round "2.7"]
[White "Roth, Jan"]
[Black "Struebig, Dominik"]
[Result "1-0"]
[WhiteElo "1702"]
[BlackElo "1668"]
[PlyCount "61"]
[SourceDate "2023.10.09"]

1. e4 c5 2. Nf3 Nc6 3. b3 e6 4. Bb2 d5 5. exd5 exd5 6. d4 Qe7+ 7. Be2 Bf5 8.
O-O O-O-O 9. dxc5 Qxc5 10. Nd4 Nxd4 11. Bxd4 Qxc2 12. Qxc2+ Bxc2 13. Rc1 Kb8
14. Rxc2 Nf6 15. Nd2 Bb4 16. Nf3 Rhe8 17. a3 Bd6 18. Bd3 Ne4 19. b4 g5 20. Nd2
Bf4 21. Nb3 h5 22. f3 Nd6 23. Rd1 h4 24. a4 f5 25. Rc5 g4 26. fxg4 fxg4 27.
Rxd5 g3 28. h3 Rc8 29. Rf1 Rf8 30. Nc5 Rf7 31. Bg6 1-0

[Event "Haltern- Mülheim Nord 4"]
[Site "?"]
[Date "2023.09.17"]
[Round "2.8"]
[White "Schuetz, Jacob"]
[Black "Roth, Christian"]
[Result "0-1"]
[WhiteElo "1678"]
[BlackElo "1678"]
[PlyCount "80"]
[SourceDate "2023.10.09"]

1. e4 e5 2. Nf3 Nc6 3. d4 exd4 4. Nxd4 Nxd4 5. Qxd4 Qf6 6. Be3 Qxd4 7. Bxd4 Ne7
8. Bc4 Nc6 9. Bc3 Bb4 10. O-O Bxc3 11. Nxc3 O-O 12. Rad1 Ne5 13. Bb3 c6 14. f4
Ng4 15. Rd3 b5 16. Rg3 d6 17. f5 Nf6 18. Rd3 b4 19. Ne2 Nxe4 20. Rd4 d5 21. Nf4
Nc5 22. Rxb4 a5 23. Rb6 a4 24. Rxc6 axb3 25. Rxc5 bxa2 26. Ra1 Bxf5 27. Nxd5
Be6 28. b3 Bxd5 29. Rxd5 Rfc8 30. c4 Rcb8 31. Rd3 Ra3 32. Kf2 Kf8 33. Ke3 Rbxb3
34. Rxb3 Rxb3+ 35. Kd2 Rb2+ 36. Kc3 Rxg2 37. h4 Ke7 38. Kb3 Rh2 39. Rxa2 Rxa2
40. Kxa2 Kd6 0-1

[Event "Werl- Horst Emscher 2"]
[Site "?"]
[Date "2023.09.17"]
[Round "2.1"]
[White "Arndt, Olaf"]
[Black "Schwarzkopf, Christian"]
[Result "0-1"]
[WhiteElo "1851"]
[BlackElo "1986"]
[PlyCount "38"]
[SourceDate "2023.10.09"]

1. e4 d6 2. d4 g6 3. Nc3 Bg7 4. f4 a6 5. Be3 b5 6. a3 Nd7 7. Nf3 Bb7 8. d5 Ngf6
9. Nd4 O-O 10. Be2 Nb6 11. b3 Nxe4 12. Nxe4 Nxd5 13. Qd3 c5 14. c3 cxd4 15.
cxd4 Nxe3 16. Qxe3 Qb6 17. Rd1 e5 18. O-O exd4 19. Qd3 Bxe4 0-1

[Event "Werl- Horst Emscher 2"]
[Site "?"]
[Date "2023.09.17"]
[Round "2.2"]
[White "Stolle, Dietmar"]
[Black "Konietzka, Bernd"]
[Result "0-1"]
[WhiteElo "1997"]
[BlackElo "1892"]
[PlyCount "94"]
[SourceDate "2023.10.09"]

1. c4 b6 2. Nc3 Bb7 3. d4 e6 4. e4 Bb4 5. f3 Bxc3+ 6. bxc3 Qh4+ 7. g3 Qe7 8.
Bd3 c5 9. Ne2 Nc6 10. O-O h5 11. Be3 d6 12. Qa4 Qd7 13. Rad1 Nge7 14. f4 Ne5
15. Bc2 Ng4 16. Qxd7+ Kxd7 17. Bc1 Kc7 18. h3 Nf6 19. e5 Ne8 20. Rd2 Rd8 21.
Rfd1 dxe5 22. fxe5 Kc8 23. Rf1 f5 24. exf6 gxf6 25. Nf4 e5 26. dxe5 Rxd2 27.
Bxd2 fxe5 28. Ng6 Nxg6 29. Bxg6 Rg8 30. Bf5+ Kc7 31. Kh2 Nd6 32. Be6 Rg7 33.
Be1 Ba6 34. Rf8 Bxc4 35. Bxc4 Nxc4 36. Rf5 Rh7 37. Kg1 Kd6 38. Bf2 Ke6 39. Rf8
Kd5 40. Kf1 Ke4 41. Ke2 Nb2 42. Ra8 Nd3 43. Be3 Rg7 44. Bf2 Rf7 45. Be3 Rf3 46.
Bh6 Rf2+ 47. Kd1 Rxa2 0-1

[Event "Werl- Horst Emscher 2"]
[Site "?"]
[Date "2023.09.17"]
[Round "2.3"]
[White "Raabe, Stefan"]
[Black "Krahn, Reinhard"]
[Result "1/2-1/2"]
[WhiteElo "1894"]
[BlackElo "1756"]
[PlyCount "50"]
[SourceDate "2023.10.09"]

1. e4 e6 2. d4 d5 3. exd5 exd5 4. Nf3 Bd6 5. Bd3 Qe7+ 6. Qe2 Qxe2+ 7. Bxe2 Bf5
8. c3 Nd7 9. Be3 Ngf6 10. h3 h6 11. Nbd2 O-O-O 12. b4 Rhe8 13. O-O Ne4 14. Nxe4
Rxe4 15. Nd2 Re6 16. Bf3 c6 17. b5 Bd3 18. bxc6 bxc6 19. Rfd1 f5 20. Nb3 Ba6
21. Nc1 g5 22. Bd2 Rg8 23. Bh5 Rg7 24. Re1 Rge7 25. Nb3 Nb6 1/2-1/2

[Event "Werl- Horst Emscher 2"]
[Site "?"]
[Date "2023.09.17"]
[Round "2.4"]
[White "Scheibe, Andreas"]
[Black "Schorra, Helmut"]
[Result "0-1"]
[WhiteElo "1770"]
[BlackElo "1996"]
[PlyCount "50"]
[SourceDate "2023.10.09"]

1. e4 d6 2. Bc4 Nf6 3. d3 e5 4. Ne2 Be7 5. O-O c6 6. Bb3 a5 7. a4 Na6 8. c3 Nc5
9. Bc2 O-O 10. Na3 Be6 11. f3 Nb3 12. Rb1 Nxc1 13. Qxc1 Nh5 14. Qe1 d5 15. d4
exd4 16. Nxd4 Bc5 17. Kh1 Qg5 18. Qf2 Bd6 19. g4 Nf4 20. Nf5 Bxf5 21. exf5 Rfe8
22. Rfe1 Nh3 23. Qf1 Qh4 24. Rxe8+ Rxe8 25. Qg2 Re1+ 0-1

[Event "Werl- Horst Emscher 2"]
[Site "?"]
[Date "2023.09.17"]
[Round "2.5"]
[White "Rydzewski, Klaus"]
[Black "Hering, Christian"]
[Result "1/2-1/2"]
[WhiteElo "1945"]
[BlackElo "1595"]
[PlyCount "53"]
[SourceDate "2023.10.09"]

1. e4 e5 2. Nf3 Nc6 3. d4 exd4 4. Nxd4 Bc5 5. Be3 Qf6 6. c3 Nge7 7. Be2 d5 8.
Bf3 dxe4 9. Bxe4 Nxd4 10. cxd4 Bb4+ 11. Nc3 O-O 12. O-O c6 13. Qb3 Bd6 14. Rad1
Rb8 15. g3 Rd8 16. d5 Bh3 17. Bg2 Bxg2 18. Kxg2 b6 19. Ne4 Qg6 20. Nxd6 Nxd5
21. Nc4 b5 22. Nd2 a5 23. Rc1 Re8 24. Qc2 Qxc2 25. Rxc2 Rxe3 26. Rxc6 Re2 27.
Rfc1 1/2-1/2

[Event "Werl- Horst Emscher 2"]
[Site "?"]
[Date "2023.09.17"]
[Round "2.6"]
[White "Jenke, Johannes"]
[Black "Verfuerth, Christian"]
[Result "0-1"]
[WhiteElo "1599"]
[BlackElo "1851"]
[PlyCount "112"]
[SourceDate "2023.10.09"]

1. f4 d5 2. d4 Nf6 3. Nf3 g6 4. e3 Bg7 5. Bd3 O-O 6. Nbd2 b6 7. O-O c5 8. c3
Bb7 9. Qe2 Nbd7 10. Ne5 e6 11. Qf3 Nxe5 12. fxe5 Nd7 13. Qh3 Qe7 14. Rf4 f5 15.
Rh4 h5 16. Qg3 Kh7 17. Nf3 Bh6 18. Qh3 Kg7 19. Qg3 Kf7 20. Rh3 Rg8 21. Qf2 Rh8
22. Nh4 Rag8 23. Bd2 Ke8 24. Be2 Kd8 25. Nxg6 Rxg6 26. Bxh5 Rgg8 27. Qf3 Ba6
28. Be1 Bg5 29. Rd1 Qg7 30. Rg3 Qh6 31. Rh3 Bxe3+ 32. Kh1 Qf4 33. Qxf4 Bxf4 34.
Bh4+ Kc7 35. Bf7 Rg4 36. g3 Be2 37. Re1 Bf3+ 38. Kg1 Bg5 39. Kf2 Be4 40. Bxe6
Bxh4 41. gxh4 Rg6 42. Bf7 Rg7 43. e6 Nf6 44. h5 Ng4+ 45. Ke2 Nh6 46. Rg3 Rxg3
47. hxg3 Kd6 48. Bg6 Kxe6 49. Ke3 Ng4+ 50. Kf4 Kf6 51. Re2 Nh6 52. Re3 Ng4 53.
Re2 cxd4 54. cxd4 Rc8 55. Re1 Rc2 56. Rf1 Rxb2 0-1

[Event "Werl- Horst Emscher 2"]
[Site "?"]
[Date "2023.09.17"]
[Round "2.7"]
[White "Renn, Thorsten"]
[Black "Stute, Benedikt"]
[Result "1-0"]
[WhiteElo "1877"]
[BlackElo "1544"]
[PlyCount "37"]
[SourceDate "2023.10.09"]

1. e4 c6 2. d4 d5 3. f3 dxe4 4. fxe4 Nf6 5. e5 Nd5 6. c4 Nb6 7. Nc3 Bf5 8. Nf3
e6 9. Bd3 Bg4 10. Be3 Be7 11. O-O O-O 12. h3 Bh5 13. Ne4 Bg6 14. Neg5 Bxd3 15.
Qxd3 g6 16. Qe4 Kg7 17. Qh4 h6 18. Nxe6+ fxe6 19. Qxh6+ 1-0

[Event "Werl- Horst Emscher 2"]
[Site "?"]
[Date "2023.09.17"]
[Round "2.8"]
[White "Vogelsang, Christian"]
[Black "Krakau, Uwe"]
[Result "0-1"]
[WhiteElo "1429"]
[BlackElo "1755"]
[PlyCount "100"]
[SourceDate "2023.10.09"]

1. Nc3 f5 2. Nf3 e6 3. e4 fxe4 4. Nxe4 Nf6 5. Ng3 Be7 6. Bc4 O-O 7. O-O b6 8.
c3 Bb7 9. d4 Ne4 10. Bd3 Ng5 11. Nxg5 Bxg5 12. f4 Bf6 13. Qh5 g6 14. Qg4 Bg7
15. Bd2 Ba6 16. Bxa6 Nxa6 17. h4 c6 18. h5 Qf6 19. hxg6 hxg6 20. Ne4 Qf5 21.
Qxf5 exf5 22. Ng5 Rae8 23. Rfe1 Nc7 24. Rxe8 Rxe8 25. Kf2 Bf6 26. Nf3 Re4 27.
g3 c5 28. dxc5 bxc5 29. Re1 d5 30. Ne5 Bxe5 31. Rxe4 fxe4 32. fxe5 Kf7 33. Be3
Ne6 34. Ke2 Ke7 35. Kd2 Kd7 36. Kc2 Kc6 37. a3 d4 38. cxd4 cxd4 39. Bg1 Kd5 40.
g4 Kxe5 41. Bh2+ Kd5 42. Bb8 a6 43. b3 Nc5 44. Bf4 e3 45. b4 Ne6 46. Bg3 Kc4
47. Be1 d3+ 48. Kd1 Nd4 49. Bg3 e2+ 50. Ke1 Nf3+ 0-1